[Event "USA tt"]
[Site "ICC INT"]
[Date "2008.09.17"]
[Round "4"]
[White "Simpson, Ronald"]
[Black "Bonin, Jay R"]
[Result "1-0"]
[WhiteElo "2300"]
[BlackElo "2385"]
[PlyCount "103"]
[EventDate "2008.10.22"]
[EventType "team"]
[EventRounds "10"]
[EventCountry "USA"]
[SourceTitle "CBM 126 Extra"]
[Source "ChessBase"]
[SourceDate "2008.11.05"]
[SourceVersion "1"]
[SourceVersionDate "2008.11.05"]
[SourceQuality "1"]

1. e4 c5 2. Nf3 Nc6 3. d4 cxd4 4. Nxd4 e5 5. Nb5 d6 6. N1c3 a6 7. Na3 Be6 8. Nc4 Rc8 9. Be3 Nd4 10. Bxd4 Bxc4 11. Bxc4 Rxc4 12. Be3 h6 13. Qd3 Rc6 14. 0-0-0 Nf6 15. f3 Be7 16. g4 Qa5 17. h4 Kd7 18. g5 Rxc3 19. Qxc3 Qxc3 20. bxc3 hxg5 21. hxg5 Rxh1 22. Rxh1 Ne8 23. Rh7 Bf8 24. f4 exf4 25. Bxf4 Nc7 26. Be3 Ne6 27. Kb2 Be7 28. Kb3 Bxg5 29. Bxg5 Nxg5 30. Rxg7 Nxe4 31. Rxf7+ Kc6 32. Re7 Nc5+ 33. Kc4 Na4 34. Rh7 Nc5 35. Kb4 Ne4 36. a4 Nc5 37. a5 Ne4 38. Re7 Nc5 39. Kc4 Na4 40. Re1 Nc5 41. Rb1 Nd7 42. Kd4 Kc7 43. Kd5 Nf6+ 44. Ke6 Ne4 45. Rb4 Nc5+ 46. Kd5 Kd7 47. Rh4 Kc7 48. Rh7+ Kb8 49. c4 Ka7 50. Re7 Na4 51. Kxd6 Nb2 52. Kc5 1-0

[Event "US Masters op"]
[Site "Hendersonville"]
[Date "2007.03.17"]
[Round "6"]
[White "Ehlvest, Jaan"]
[Black "Simpson, Ronald"]
[Result "1-0"]
[WhiteElo "2675"]
[BlackElo "2316"]
[PlyCount "39"]
[EventDate "2007.03.10"]
[EventType "swiss"]
[EventRounds "9"]
[EventCountry "USA"]
[SourceTitle "EXT 2011"]
[Source "ChessBase"]
[SourceDate "2010.11.26"]
[SourceVersion "1"]
[SourceVersionDate "2010.11.26"]
[SourceQuality "1"]

1. c4 Nf6 2. Nf3 g6 3. g3 Bg7 4. Bg2 0-0 5. 0-0 d6 6. d4 Nbd7 7. Nc3 e5 8. e4 exd4 9. Nxd4 a5 10. Rb1 Re8 11. h3 Nc5 12. Re1 c6 13. Bf4 d5 14. cxd5 Nxd5 15. exd5 Rxe1+ 16. Qxe1 Bxd4 17. Rd1 g5 18. Be3 Bxc3 19. bxc3 b6 20. dxc6 1-0

[Event "US Masters op"]
[Site "Hendersonville"]
[Date "2007.03.14"]
[Round "3"]
[White "Simpson, Ronald"]
[Black "Nagle, Sean"]
[Result "1-0"]
[WhiteElo "2316"]
[BlackElo "2432"]
[PlyCount "49"]
[EventDate "2007.03.10"]
[EventType "swiss"]
[EventRounds "9"]
[EventCountry "USA"]
[SourceTitle "EXT 2011"]
[Source "ChessBase"]
[SourceDate "2010.11.26"]
[SourceVersion "1"]
[SourceVersionDate "2010.11.26"]
[SourceQuality "1"]

1. Nf3 Nf6 2. c4 g6 3. g3 Bg7 4. Bg2 0-0 5. 0-0 d6 6. d4 c6 7. Nc3 Qa5 8. Bg5 h6 9. Bxf6 Bxf6 10. Qd2 Qh5 11. Ne4 Bg7 12. Nh4 g5 13. Bf3 g4 14. Bh1 f5 15. Nc3 e5 16. dxe5 dxe5 17. f3 Be6 18. e4 Bxc4 19. exf5 Bxf1 20. Rxf1 Bf6 21. Ng6 Bg5 22. f4 exf4 23. Qd6 Rf7 24. h4 fxg3 25. Qe5 1-0

[Event "US Masters op"]
[Site "Hendersonville"]
[Date "2006.03.11"]
[Round "2"]
[White "Simpson, Ronald"]
[Black "Ardaman, Miles"]
[Result "0-1"]
[WhiteElo "2268"]
[BlackElo "2330"]
[PlyCount "48"]
[EventDate "2006.03.11"]
[EventType "swiss"]
[EventRounds "9"]
[EventCountry "USA"]
[SourceTitle "EXT 2007"]
[Source "ChessBase"]
[SourceDate "2006.11.23"]
[SourceVersion "1"]
[SourceVersionDate "2006.11.23"]
[SourceQuality "1"]

1. Nf3 b5 2. e3 a6 3. c4 bxc4 4. Qa4 Nf6 5. Bxc4 e6 6. d4 Be7 7. Nc3 Bb7 8. Qb3 Nc6 9. Bd3 Rb8 10. Qd1 Nb4 11. Bb1 c5 12. dxc5 Bxc5 13. a3 Nbd5 14. Nxd5 Nxd5 15. 0-0 f5 16. e4 fxe4 17. Ng5 0-0 18. Nxe4 Be7 19. b4 Bc6 20. Qc2 g6 21. Bb2 a5 22. bxa5 Qxa5 23. Ba2 Ba4 24. Qe2 Nf4 0-1

[Event "Internet Section 08B g/8'+2\""]
[Site "Dos Hermanas"]
[Date "2004.03.08"]
[Round "2"]
[White "Simpson, Ronald"]
[Black "Araiza Nieto, Victor Fernando"]
[Result "1-0"]
[WhiteElo "2268"]
[BlackElo "2027"]
[PlyCount "57"]
[EventDate "2004.03.08"]
[EventType "swiss (blitz)"]
[EventRounds "9"]
[EventCountry "ESP"]
[SourceTitle "CBM 099 Extra"]
[Source "ChessBase"]
[SourceDate "2004.05.04"]
[SourceVersion "1"]
[SourceVersionDate "2004.05.04"]
[SourceQuality "1"]

1. c4 e6 2. Nf3 d5 3. b3 c6 4. Bb2 f5 5. g3 Nf6 6. Bg2 Bd6 7. 0-0 0-0 8. d4 Nbd7 9. Nc3 Qe8 10. e3 Ne4 11. Nd2 Ndf6 12. f3 Nxc3 13. Bxc3 Qh5 14. Qc2 g5 15. e4 fxe4 16. fxe4 Ng4 17. Rxf8+ Bxf8 18. Nf1 Bd7 19. exd5 exd5 20. cxd5 Re8 21. dxc6 Bxc6 22. d5 Bb5 23. Bd4 Re2 24. Qf5 Nh6 25. Qf3 g4 26. Qf6 Rxg2+ 27. Kxg2 Qxd5+ 28. Kg1 Bc5 29. Qg7# 1-0

[Event "Internet Section 06A g/8'+2\""]
[Site "Dos Hermanas"]
[Date "2004.03.06"]
[Round "3"]
[White "Cerda Ayala, Miguel Angel"]
[Black "Simpson, Ronald"]
[Result "0-1"]
[WhiteElo "1553"]
[BlackElo "2268"]
[PlyCount "44"]
[EventDate "2004.03.06"]
[EventType "swiss (blitz)"]
[EventRounds "9"]
[EventCountry "ESP"]
[SourceTitle "CBM 099 Extra"]
[Source "ChessBase"]
[SourceDate "2004.05.04"]
[SourceVersion "1"]
[SourceVersionDate "2004.05.04"]
[SourceQuality "1"]

1. e4 d5 2. exd5 Qxd5 3. Nc3 Qa5 4. Bc4 Nf6 5. Nf3 Bg4 6. 0-0 Nc6 7. d3 Qh5 8. Re1 0-0-0 9. Re3 Nd4 10. a4 e6 11. Nb5 Nxf3+ 12. gxf3 Bh3 13. Kh1 a6 14. Nc3 Bd6 15. Qg1 Bc5 16. Qg3 Bxe3 17. Bxe3 Qf5 18. Nb5 axb5 19. axb5 Nh5 20. Qg5 Qxf3+ 21. Kg1 Qg4+ 22. Qxg4 Bxg4 0-1

[Event "Internet Section 06A g/8'+2\""]
[Site "Dos Hermanas"]
[Date "2004.03.06"]
[Round "9"]
[White "Moldobaev, Emelbek"]
[Black "Simpson, Ronald"]
[Result "1-0"]
[WhiteElo "2388"]
[BlackElo "2268"]
[PlyCount "135"]
[EventDate "2004.03.06"]
[EventType "swiss (blitz)"]
[EventRounds "9"]
[EventCountry "ESP"]
[SourceTitle "CBM 099 Extra"]
[Source "ChessBase"]
[SourceDate "2004.05.04"]
[SourceVersion "1"]
[SourceVersionDate "2004.05.04"]
[SourceQuality "1"]

1. e4 c5 2. Nf3 d6 3. Bb5+ Bd7 4. Bxd7+ Nxd7 5. 0-0 g6 6. d4 Bg7 7. c4 cxd4 8. Nxd4 Qb6 9. Nb5 a6 10. N5c3 Ngf6 11. Na3 0-0 12. Qe2 Rac8 13. Be3 Qa5 14. Bd2 Qh5 15. f3 Ne5 16. Kh1 Rc7 17. Rac1 Rfc8 18. b3 Nc6 19. Nc2 Nd7 20. Nd5 Be5 21. g4 Qh4 22. Nxc7 Rxc7 23. Qf2 Qxf2 24. Rxf2 Nc5 25. Rd1 b5 26. Ne3 Nd3 27. Rff1 Nb2 28. Rb1 Nd3 29. Nd5 Rb7 30. f4 Bd4 31. Kg2 e6 32. Ne3 bxc4 33. Nxc4 d5 34. exd5 exd5 35. Na5 Nxa5 36. Bxa5 Be3 37. Kg3 d4 38. Rbd1 Nc5 39. Kf3 f5 40. gxf5 gxf5 41. Bd2 Re7 42. Rfe1 Nd3 43. Rxe3 dxe3 44. Bxe3 Nb4 45. Bc5 Rb7 46. Bxb4 Rxb4 47. Rd5 Rb6 48. Rxf5 Rh6 49. Kg3 Kg7 50. h4 Rc6 51. Ra5 Rg6+ 52. Kf3 Rh6 53. h5 Kf7 54. b4 Ke7 55. Kg4 Rb6 56. a3 Kf6 57. a4 Rxb4 58. Rxa6+ Kg7 59. Kg5 Rb1 60. Ra7+ Kh8 61. f5 Rg1+ 62. Kh6 Kg8 63. a5 Rf1 64. Kg5 Rg1+ 65. Kf6 h6 66. a6 Ra1 67. Kg6 Kf8 68. f6 1-0

[Event "Internet Section 06A g/8'+2\""]
[Site "Dos Hermanas"]
[Date "2004.03.06"]
[Round "4"]
[White "Simpson, Ronald"]
[Black "Fingerov, Dmitry"]
[Result "1/2-1/2"]
[WhiteElo "2268"]
[BlackElo "2350"]
[PlyCount "70"]
[EventDate "2004.03.06"]
[EventType "swiss (blitz)"]
[EventRounds "9"]
[EventCountry "ESP"]
[SourceTitle "CBM 099 Extra"]
[Source "ChessBase"]
[SourceDate "2004.05.04"]
[SourceVersion "1"]
[SourceVersionDate "2004.05.04"]
[SourceQuality "1"]

1. c4 c6 2. Nf3 d5 3. b3 Nf6 4. Bb2 g6 5. g3 Bg7 6. Bg2 0-0 7. 0-0 b5 8. cxb5 cxb5 9. a3 Nc6 10. Nc3 a6 11. Rc1 Bb7 12. d3 Qb6 13. Qd2 Rfd8 14. Na2 a5 15. Rc2 b4 16. a4 Rac8 17. Rfc1 e6 18. Qg5 h6 19. Qd2 Kh7 20. h3 d4 21. Qf4 e5 22. Nxe5 Nxe5 23. Qxe5 Nd5 24. Bxd4 Qxd4 25. Qxd4 Bxd4 26. Rxc8 Bxc8 27. Bxd5 Bxh3 28. Bxf7 Rf8 29. Rc7 Be5 30. Ra7 Bd4 31. Rc7 Be5 32. Rc5 Bd4 33. Rc7 Be5 34. Rc5 Bd4 35. Rc7 Be5 1/2-1/2